00325 a2200109 4500001000700000020000600007040001100013100003900024240007400063245006900137362000900206170634 a  cMagnum aAlves, Joao Roberto Moreira (Org.)10aPlano nacional de educacao: as diretrizes, objetivos e metas....lpor10aPlano nacional de educacao: as diretrizes, objetivos e metas....0 a1899